| 000 | 01244nam a2200289 i 4500 | ||
|---|---|---|---|
| 003 | SA-RiAUC | ||
| 005 | 20240921133615.0 | ||
| 008 | 240917s1997 le g 00000 ara c | ||
| 040 |
_aSA-RiKSU _bara _cSA-RiAUC _erda |
||
| 082 | 0 | 4 | _a235.4 |
| 090 |
_a235.4 ا ب و د _b ا ب و د |
||
| 100 | 1 |
_aأبو داود، سليمان بن الأشعث بن إسحاق، _d202-275 هجري _eمؤلف. |
|
| 245 | 1 | 0 |
_aرسالة أبي داود إلى أهل مكة في وصف سننه / _cتحقيق وتعليق محمد الصباغ. |
| 250 | _aالطبعة الرابعة. | ||
| 264 | 1 |
_aبيروت ؛ _aدمشق : _bالمكتب الإسلامي، _c1997 |
|
| 300 |
_a102 صفحة ؛ _c24 سم |
||
| 336 |
_aنص _btxt _2rdacontent _3كتاب |
||
| 337 |
_aبدون وسيط _bn _2rdamedia |
||
| 338 |
_aمجلد _bnc _2rdacarrier |
||
| 650 | 7 |
_aالحديث _xسنن أبي داود _2aucsh |
|
| 650 | 7 |
_aالحديث _xجمع وتدوين _2aucsh |
|
| 650 | 7 |
_aالحديث _xالسنن (عدا ما ذكر في الكتب الستة للحديث) _2aucsh |
|
| 700 | 1 |
_aالصباغ، محمد بن لطفي، _d1930-2017 _eمحقق. |
|
| 740 | 0 | 2 | _aسنن أبي داود. |
| 942 |
_2ddc _cBOOK |
||
| 949 |
_aSA-JeALM _d240917 _umohamedma123 _n1 |
||
| 999 |
_c395 _d395 |
||